000
00304nam a2200145Ia 4500
100
_a
Mehta/ Subhash
942
_c
BK
654
_a
Computer
245
_a
Qucik Turbo Pascal Course
260
_b
Galgotia
_a
New Delhi
_c
1996
082
_a
5.13
_b
MEH
300
_a
214
546
_a
ENGLISH
999
_c
31843
_d
31843